| 000 | 01293nam a2200229Ia 4500 | ||
|---|---|---|---|
| 003 | Ost | ||
| 005 | 20260507075410.0 | ||
| 008 | 260507s9999||||xx |||||||||||||| ||und|| | ||
| 040 | _cfsecg | ||
| 041 | _aara | ||
| 082 | _a330 | ||
| 100 |
_aطه، مصطفى كمال _eمؤلف |
||
| 245 | 0 |
_aبورصات الأوراق المالية / _c مصطفى كمال طه |
|
| 260 |
_aالإسكندرية: _bدار الفكر الجامعي, _c2009 |
||
| 300 |
_a153 صفحة؛ _bإيضاحات ؛ _c24 سم |
||
| 520 | _aيضم بورصات الأوراق المالية، نشأة بورصات الأوراق المالية، تطور المعاملات في البورصات المصرية، تطور أساليب تنظيم البورصة، قيد وتداول ونقل ملكية الأوراق المالية في البورصات المالية، نشاط الشركات العاملة في مجال الأوراق المالية، طبيعة التحليل المالي ومشكلاته، الخصخصة وتوسيع قاعدة الملكية، مؤشرات السوق | ||
| 653 | _aالأسواق المالية | ||
| 653 | _aالأوراق المالية | ||
| 653 | _aالبورصات | ||
| 700 |
_aطه، شريف مصطفى كمال _eمؤلف ثانوي |
||
| 942 | _cكتاب | ||
| 999 |
_c44384 _d44384 |
||